Normal view MARC view
  • Llopis, Rodolfo,

Entry Nombre Personal

Number of records used in: 5

001 - NUMERO DE CONTROL

  • campo de control: 30635

003 - IDENTIFICADOR DE NUMERO DE CONTROL

  • campo de control: DLC

005 - FECHA Y HORA DE LA ÜLTIMA TRANSACCIÓN

  • campo de control: 20221020155217.0

008 - DATOS DE LONGITUD FIJA

  • campo de control de longitud fija: 010523n| acannaabn |n aaa c

010 ## - NÚMERO DE CONTROL DE LA BIBLIOTECA DEL CONGRESO

  • Número de control LC: no2001041343

035 ## - NUMERO DE CONTROL

  • Número de control: (OCoLC)oca05493863

040 ## - FUENTE DE CATALOGACIÓN

  • Agencia original de catalogación: NcD
  • Lenguaje de catalogación: spa
  • Agencia de transcripción: NcD
  • Agencia que lo modifica: MX-MxUPN

046 ## - FECHAS CON CODIFICACIÓN ESPECIAL

  • Fecha de nacimiento: 1895
  • Fecha de muerte: 1983

100 1# - ENCABEZAMIENTO - NOMBRE PERSONAL

  • Nombre personal: Llopis, Rodolfo,
  • Fechas asociadas con el nombre: 1895-1983

370 ## - LUGAR ASOCIADO

  • Place of birth: España
  • Place of death: Albi

374 ## - OCUPACIÓN

  • Occupation: Pedagogo

377 ## - LENGUA ASOCIADA

  • Language code: spa

400 1# - VEÁSE - NOMBRE DE PERSONA

  • Personal name: Llopis Ferrándiz, Rodolfo,
  • Dates associated with a name: 1895-1983

670 ## - FUENTE EN LA QUE SE LOCALIZARON DATOS

  • Cita de la fuente: Rodolfo Llopis (1895-1983) : una biografía política, 1999:
  • Información localizada: camisa (líder del PSOE en el exilio)

670 ## - FUENTE EN LA QUE SE LOCALIZARON DATOS

  • Cita de la fuente: La escuela del porvenir según Angelo Patri, 1928:
  • Información localizada: notal del autor (Rodolfo Llopis)

670 ## - FUENTE EN LA QUE SE LOCALIZARON DATOS

  • Cita de la fuente: Wikipedia, 20 octubre 2022:
  • Información localizada: (Rodolfo Llopis, Rodolfo Llopis Ferrándiz, Callosa de Ensarriá, 27 de febrero de 1895-Albi, 22 de julio de 1983; fue un dirigente socialista y pedagogo español, secretario general del Partido Socialista Obrero Español en el exilio)

902 ## - CATALOGADOR

  • Catalogador: Víctor Ruiz/201022